LIBRARY & INFORMATION CENTRE, KCAET, TAVANUR

ONLINE PUBLIC ACCESS CATALOGUE (OPAC)

Ten famous plays / (Record no. 5911)

MARC details
000 -LEADER
fixed length control field 00417cam a2200169ua 4500
041 ## - LANGUAGE CODE
Language code of text/sound track or separate title eng
082 ## - DEWEY DECIMAL CLASSIFICATION NUMBER
Classification number 822
Item number GAL/TE
100 ## - MAIN ENTRY--AUTHOR NAME
Personal name Gaisworthy, John .
245 ## - TITLE STATEMENT
Title Ten famous plays /
260 ## - PUBLICATION, DISTRIBUTION, ETC. (IMPRINT)
Place of publication London :
Name of publisher Gerald Duckworth and Co. Ltd. ,
Year of publication 1972.
300 ## - PHYSICAL DESCRIPTION
Number of Pages 670 ; .
942 ## - ADDED ENTRY ELEMENTS (KOHA)
Koha item type Books
Holdings
Withdrawn status Lost status Damaged status Home library Current library Date acquired Cost, normal purchase price Full call number Accession Number Koha item type Public note
Withdrawn     KAUAET Sanskrit University 07/04/2012 21.00 822 7052 Books Transferred to Sanskrit University
free website counter